LEADER 00799nam0-22003011i-450- 001 990003227440403321 035 $a000322744 035 $aFED01000322744 035 $a(Aleph)000322744FED01 035 $a000322744 100 $a20000920d1969----km-y0itay50------ba 101 0 $aita 102 $aIT 200 1 $aTwenty Years of Nationalisation$eThe British Experience$fR. Kelf-Cohen. 210 $aLondon$cMacmillan$d1969. 215 $a339 p.$d22 cm 610 0 $aImprese pubbliche 676 $aF/1.402 676 $aN/3.1 702 1$aKelf-Cohen,$bReuben 801 0$aIT$bUNINA$gRICA$2UNIMARC 901 $aBK 912 $a990003227440403321 952 $aN/3.1 KEL$b2685/I$fSES 959 $aSES 996 $aTwenty Years of Nationalisation$9449340 997 $aUNINA DB $aING01 LEADER 01238nam a2200277 i 4500 001 991001471549707536 005 20020507130304.0 008 991125s1997 it ||| | ita 020 $a8813201400 035 $ab10225389-39ule_inst 035 $aLE02986584$9ExL 040 $aISUFI - Sett. Diritti e Politiche Euromediterranee$bita 082 4$a346.45078 100 1 $aBonsignori, Angelo$0226454 245 10$aProcessi concorsuali minori :$bconcordato preventivo, amministrazione controllata, liquidazione coatta, e amministrazione straordinaria /$cAngelo Bonsignori 260 $aPadova :$bCEDAM,$c1997 300 $aXIV, 737 p. ;$c25 cm 490 0 $aTrattato di diritto commerciale e di diritto pubblico dell'economia ;$v23 650 4$aProcedure concorsuali 907 $a.b10225389$b17-02-17$c27-06-02 912 $a991001471549707536 945 $aLE029 346 TDCDPE XXIII$cV. 23$g1$iLE029-0706$lle029$o-$pE0.00$q-$rn$so $t0$u0$v0$w0$x0$y.i10274856$z27-06-02 945 $aLE025 ECO 346 GAL02.06$cV. 23$g1$i2025000089136$lle025$op$pE56.81$q-$rn$so $t0$u0$v0$w0$x0$y.i12827150$z05-11-03 996 $aProcessi concorsuali minori$9207305 997 $aUNISALENTO 998 $ale029$ale025$b01-01-99$cm$da $e-$fita$git $h0$i2